| Tag |
First Indicator |
Second Indicator |
Subfields |
| LEADER |
00000cam a2200000 a 4500 |
| 001 |
in00000010768 |
| 005 |
20151007051437.0 |
| 008 |
870505s1987 wb a b 10110 eng |
| 010 |
|
|
|a 87012818
|
| 020 |
|
|
|a 3540178007
|
| 020 |
|
|
|a 0387178007 (U.S.)
|
| 035 |
|
|
|a (OCoLC)15792071
|
| 035 |
|
|
|9 AAA2995AM
|
| 040 |
|
|
|a DLC
|c DLC
|d TXA
|d UtOrBLW
|
| 049 |
|
|
|a TXAM
|c [A12637593]
|
| 050 |
0 |
0 |
|a QA75.5
|b .N38 1986
|
| 082 |
0 |
|
|a 003
|2 19
|
| 111 |
2 |
|
|a NATO Advanced Research Workshop on Failure Analysis of Information Systems
|d (1986 :
|c Bad Windsheim, Germany)
|
| 245 |
1 |
0 |
|a Information systems :
|b failure analysis /
|c edited by John A. Wise, Anthony Debons.
|
| 264 |
|
1 |
|a Berlin ;
|a New York :
|b Springer Verlag,
|c [1987]
|
| 264 |
|
4 |
|c ©1987
|
| 300 |
|
|
|a xv, 338 pages :
|b illustrations ;
|c 25 cm.
|
| 336 |
|
|
|a text
|b txt
|2 rdacontent
|
| 337 |
|
|
|a unmediated
|b n
|2 rdamedia
|
| 338 |
|
|
|a volume
|b nc
|2 rdacarrier
|
| 490 |
1 |
|
|a NATO ASI series. Series F, Computer and system sciences ;
|v vol. 32
|
| 500 |
|
|
|a "Published in cooperation with NATO Scientific Affairs Division".
|
| 500 |
|
|
|a "Proceedings of the NATO Advanced Research Workshop on Failure Analysis of Information Systems held in Bad Windsheim, Federal Republic of Germany, August 18-22, 1986"--Title page verso.
|
| 504 |
|
|
|a Includes bibliographies and index.
|
| 650 |
|
0 |
|a Electronic data processing
|v Congresses.
|
| 650 |
|
0 |
|a System failures (Engineering)
|v Congresses.
|
| 650 |
|
0 |
|a System analysis
|v Congresses.
|
| 700 |
1 |
|
|a Wise, John A.,
|d 1944-
|
| 700 |
1 |
|
|a Debons, Anthony.
|
| 710 |
2 |
|
|a North Atlantic Treaty Organization.
|b Scientific Affairs Division.
|
| 830 |
|
0 |
|a NATO ASI series.
|n Series F,
|p Computer and systems sciences ;
|v no. 32.
|
| 999 |
|
|
|a MARS
|
| 999 |
f |
f |
|s 12403efa-e90f-3641-b586-d2fe9a057b21
|i 23544aa3-e0de-36f6-b9cf-d0c56a005bc7
|t 0
|
| 952 |
f |
f |
|p ric
|a Texas A&M University
|b Rellis Campus
|c Joint Library Facility
|d Remote Storage
|t 0
|e QA75.5 .N38 1986
|h Library of Congress classification
|i unmediated -- volume
|m A14812637593
|
| 998 |
f |
f |
|a QA75.5 .N38 1986
|t 0
|l Remote Storage
|